Loreto College Library, Kolkata
WEBOPAC (ONLINE PUBLIC ACCESS CATALOGUE)

Whitman in the Light of Vedantic Mysticism (Record no. 40272)

MARC details
000 -LEADER
fixed length control field 00530nam a22001817a 4500
005 - DATE AND TIME OF LATEST TRANSACTION
control field 20160113121348.0
008 - FIXED-LENGTH DATA ELEMENTS--GENERAL INFORMATION
fixed length control field 160113b xxu||||| |||| 00| 0 eng d
040 ## - CATALOGING SOURCE
Original cataloging agency Loreto College
041 ## - LANGUAGE CODE
Language code English
082 ## - DDC | ডিউই
Classification number | বর্গসংখ্যা 811.3
Book Number | গ্রন্থাঙ্ক WHI
100 ## - MAIN ENTRY--PERSONAL NAME | মুখ্য সংলেখ - ব্যাক্তিনাম
Personal name | ব্যাক্তিনাম Chari, V K
Fuller form of name | পূর্ণনাম V K Chari
245 ## - TITLE STATEMENT | অাখ্যা বিবরণী
Title | অাখ্যা Whitman in the Light of Vedantic Mysticism
Sub title | উপঅাখ্যা :an interpretation
Statement of responsibility | লেখকের দায়িত্বের বিবরণ V K Chari
260 ## - IMPRINT | প্রকাশনা ক্ষেত্র
Place of publication | প্রকাশ স্থান Lincoln
Name of publisher | প্রকাশকের নাম University of Nebraska
Date of publication | প্রকাশ কাল 1964
300 ## - PHYSICAL DESCRIPTION |
Page / Vol. No | পৃষ্ঠা / খন্ড সংখ্যা xiii, 176p.
Other physical details | অনান্য বাহ্যিক বিবরণ Include index
650 ## - SUBJECT ADDED ENTRY--TOPICAL TERM | বিষয় শিরোনাম - মূল বিষয়
Topical term | মূল বিষয় American poetry in English
850 ## - HOLDING INSTITUTION
Holding institution LCLIB
942 ## - ADDED ENTRY ELEMENTS (KOHA)
Koha item type Books
Holdings
Withdrawn status Lost status Source of classification Damaged status Not for loan Home library Current library Date acquired Total Checkouts Full call number Accession No. Date last seen Date checked out Price effective from Koha item type
    Dewey Decimal Classification     Loreto College Loreto College 13/01/2016 1 811.3 WHI 21807 43884 03/12/2018 03/12/2018 13/01/2016 Books